000 01058nas a2200385 4500
001 BR8503011
003 BR-BrBNA
005 20231205090228.0
007 ta
008 230509b bl.|||p| |||| 00| 00por d
040 _aBR-BrBNA
_bpor
_cBiblioteca Nacional de Agricultura
041 _a(Pt)
072 _aP40; H50
100 1 _aCamargo, A.P. de
245 1 _aO clima e a cafeicultura no Brasil
650 _aCAFEICULTURA
650 _aCLIMA
650 _aCAFE
650 _aTEMPERATURA
650 _aPRECIPITACAO PLUVIAL
650 _aGEADA
650 _aAPTIDAO CLIMATICA
650 _aMAPA
650 _aCOLHEITA
650 _aARBORIZACAO
650 _aREGIAO NORDESTE
650 _aREGIAO CENTRO-SUL
650 _aVENTO
650 _aPULVERIZACAO
650 _aSERRAGEM
650 _aIRRIGACAO
773 0 _tInforme Agropecuario - Empresa de Pesquisa Agropecuaria de Minas Gerais (Brazil)
_xISSN 0100-3364
_g(Jun 1985), v. 11(126) p. 13-26
_wBR8503011
909 _a202311
_bLúcia
_c55
_dLúcia Elande
942 _2AGRIS
_n0
_cANA
999 _c116965
_d116965